000
00340 a2200157 4500
001
185527
020
_a
85-349-0585-1
040
_c
Magnum
100
_a
Alves, Rubem
240
1
0
_a
O medo da sementinha
_l
por
245
1
0
_a
O medo da sementinha
300
_a
440
1
_a
Paulus
697
_a
LITERATURA INFANTO-JUVENIL
942
_c
BK
999
_c
185527
_d
185527